LA FABULA MISTICA SIGLOS XVI-XVII/

TRADUCCION DE: LA FABLE MYSTIQUE. XVI-XVII SIECLE

Sábháilte in:
Sonraí bibleagrafaíochta
Príomhchruthaitheoir: Certeau, Michel de (autor)
Formáid: LEABHAR
Ábhair:
Clibeanna: Cuir clib leis
Níl clibeanna ann, Bí ar an gcéad duine le clib a chur leis an taifead seo!

MARC

LEADER 00000nam^a2200000^a^4500
001 000220575
005 20250521000000.0
009 20260310103851.953
020 |a 968-859-121-1 
035 |a 040573 
037 |a Acervo Xavier Clavigero 
082 |a 248. 22  |b CER 
100 |a Certeau, Michel de  |e (autor) 
245 1 3 |a LA FABULA MISTICA SIGLOS XVI-XVII/  |c MICHEL DE CERTEAU; TR. JORGE LOPEZ MOCTEZUMA 
264 |a MEXICO :  |b UNIVERSIDAD IBEROAMERICANA, DEPARTAMENTO DE HISTORIAS,  |c 1993 
300 |a 353p. 
336 |a texto  |b txt  |2 rdacontenido 
337 |a sin mediación  |b n  |2 rdamedio 
338 |a volumen  |b nc  |2 rdasoporte 
520 |a TRADUCCION DE: LA FABLE MYSTIQUE. XVI-XVII SIECLE 
649 |a XX 
650 |a Misticismo 
910 |a Fondo General 
920 |a Impresos - Libros 
930 |a Colección General 
905 |a 101 
901 |a 040573  |b IT1  |c ACC  |i 040573  |u 20250521 
902 |a https://opac.biblio.iteso.mx/vufind/Record/000220575